Estudios sociológicos
| Autor principal: | |
|---|---|
| Formato: | Libro |
| Lenguaje: | español |
| Publicado: |
Barcelona, España :
Editorial Ariel, S.A.,
1983
|
| Materias: |
MARC
| LEADER | 00000nam a2200000Ia 4500 | ||
|---|---|---|---|
| 008 | 150813b1983 sp ||||| |||| 00| | spa d | ||
| 020 | |a 8434410060 | ||
| 090 | |a 301 |b P579e | ||
| 100 | 1 | 0 | |9 639 |a Piaget, Jean |
| 245 | 1 | |a Estudios sociológicos | |
| 260 | |a Barcelona, España : |b Editorial Ariel, S.A., |c 1983 | ||
| 300 | |a 236 páginas | ||
| 650 | 1 | 4 | |a SOCIOLOGÍA |9 335 |
| 650 | 1 | 4 | |a VALORES SOCIALES |9 594 |
| 650 | 1 | 4 | |a PARTICIPACIÓN SOCIAL |9 822 |
| 650 | 1 | 4 | |a LÓGICA |9 640 |
| 650 | 1 | 4 | |a DERECHO |9 823 |
| 650 | 1 | 4 | |a VALORES MORALES |9 693 |
| 942 | |i 439890 |h 301 P579e |2 z |c 01 | ||
| 999 | |c 189 |d 189 | ||
